Loading...
Social Science | 0 | 8 | 1 | 3 | 75 | 86 | 118.38 | 0 | 1 |
History - World History | 0 | 5 | 0 | 2 | 50 | 53 | 112.40 | 1 | 1 |
History - American History | 0 | 5 | 2 | 0 | 40 | 86 | 105.00 | 0 | 2 |
History - European History | 0 | 3 | 0 | 1 | 30 | 95 | 118.00 | 0 | 0 |
Literature - World Literature | 0 | 3 | 0 | 1 | 30 | 134 | 150.00 | 0 | 0 |
Fine Arts - Other Fine Arts | 0 | 2 | 0 | 0 | 20 | 92 | 108.00 | 0 | 1 |
Other Academic | 0 | 2 | 0 | 0 | 20 | 80 | 94.00 | 1 | 1 |
Literature - American Literature | 0 | 2 | 1 | 0 | 15 | 130 | 136.00 | 0 | 0 |
Literature - British Literature | 0 | 1 | 0 | 1 | 10 | 150 | 150.00 | 0 | 0 |
Fine Arts - Painting & Sculpture | 0 | 1 | 0 | 0 | 10 | 114 | 114.00 | 0 | 0 |
Current Events | 0 | 1 | 0 | 0 | 10 | 122 | 122.00 | 0 | 0 |
Literature - European Literature | 0 | 1 | 0 | 0 | 10 | 80 | 80.00 | 0 | 0 |
Science - Physics | 0 | 1 | 0 | 1 | 10 | 132 | 132.00 | 0 | 0 |
Religion | 0 | 1 | 1 | 1 | 5 | 147 | 147.00 | 0 | 0 |
Philosophy | 0 | 0 | 0 | 0 | 0 | 0.00 | 0 | 0 | |
Science - Other Science | 0 | 0 | 1 | 0 | -5 | 0.00 | 0 | 0 | |
Geography | 0 | 0 | 1 | 0 | -5 | 0.00 | 0 | 0 |